| 000 | 00000nam##2200000za#4500 |
| 001 | 9.698932 |
| 003 | CaOODSP |
| 005 | 20210625000143 |
| 007 | cr ||||||||||| |
| 008 | 150407|2001||||xxc|||||o f|0| 0 eng|d |
| 040 | |aCaOODSP|beng |
| 043 | |an-cn--- |
| 086 | 1 |aP4-57/2001E-PDF |
| 110 | 1 |aCanada. |bPublic Works and Government Services Canada. |
| 245 | 14|aThe environmentally responsible green office at a glance |h[electronic resource] |
| 250 | |a1st edition |
| 260 | |aOttawa - Ontario : |bPublic Works and Government Services Canada |cc2001. |
| 300 | |a45p.|bcoloured illus. |
| 590 | |a14-05-Supp|b2014-02-26 |
| 690 | 07|aGreen technology|2gcpds |
| 690 | 07|aWorkplace|2gcpds |
| 775 | 08|tLa planification d'un édifice à bureaux écologique respectueuse de l'environnement |w(CaOODSP)9.642929 |
| 856 | 40|ahttp://publications.gc.ca|qPDF|s525 KB|uhttps://publications.gc.ca/collections/collection_2014/tpsgc-pwgsc/P4-57-2001-eng.pdf |